Detalles MARC
| 000 -LIDER |
| fixed length control field |
01856nam a2200409 a 4500 |
| 001 - NÚMERO DE CONTROL |
| Identificador de número de control |
000012774 |
| 003 - IDENTIFICACDOR DE NÚMERO DE CONTROL |
| control field |
DO-SdBNP |
| 005 - DATE AND TIME OF LATEST TRANSACTION |
| control field |
20180305111546.0 |
| 007 - CAMPOS FIJOS DE DESCRIPCIÓN FÍSICA |
| fixed length control field |
000012774 |
| 008 - ELEMENTOS DE LONGITUD FIJA |
| fixed length control field |
110712s2010 dr ac 000 0 spa d |
| 020 ## - ISBN |
| International Standard Book Number |
9789945461451 |
| 040 ## - FUENTE DE CATALOGACIÓN |
| Agencia que crea de manera original el registro |
BPMSU |
| Idioma de catalogación |
spa |
| Agencia que realiza la transcripción |
BPMSU |
| 082 04 - NÚMERO DE CLASIFICACIÓN DECIMAL DE DEWEY |
| Classification number |
372.6561 |
| Item number |
V145L 3ro. 2010 |
| 100 1# - ASIENTO PRINCIPAL -- NOMBRE PERSONAL |
| Nombre personal |
Valdez, Lidia |
| 245 10 - MENCIÓN DE TITULO |
| Título |
Lengua española 3 : |
| Subtítulo |
educación básica / |
| Mención de responsabilidad |
Fiume Gómez ;edición revisada y actualizada Lidia Valdez y Reyna Patricia Carrasco ; producción editorial María del Jesús de la Rosa ; ilustraciones Daniel Espinal, Wi-Hen Fung. |
| 250 ## - MENCIÓN DE EDICION |
| Mención de edición |
2ª ed. revisada y actualizada |
| 260 ## - PUBLICACIÓN, DISTRIBUCIÓN, ETC. (PIE DE IMPRENTA) |
| Lugar de publicación, distribución, etc |
Santo Domingo : |
| Nombre del editor, distribuidor, etc. |
Actualidad Escolar, |
| Fecha de publicación, distribución, etc |
2010. |
| 300 ## - DESCRIPCIÓN FÍSICA |
| Extensión |
2v : |
| Otros detalles físicos |
il., retrs. ; |
| Dimensiones |
28 cm. |
| 500 ## - NOTA GENERAL |
| Nota general |
Incluye el libro del maestro. |
| 500 ## - NOTA GENERAL |
| Nota general |
Texto original elaborado por Fiume Gómez |
| 505 0# - NOTA DE CONTENIDO |
| Información miscelánea |
Unidad 1 -- |
| Título |
Conozco mi entorno -- |
| Información miscelánea |
Unidad 2 -- |
| Título |
Valoro mi tiempo -- |
| Información miscelánea |
Unidad 3 -- |
| Título |
El camello cojito -- |
| Información miscelánea |
Unidad 4 -- |
| Título |
Sombra, sombrita -- |
| Información miscelánea |
Unidad 5 -- |
| Título |
Yan y Yon -- |
| Información miscelánea |
Unidad 6 -- |
| Título |
El cuervo y el zorro -- |
| Información miscelánea |
Unidad 7 -- |
| Título |
La granja de la abuela -- |
| Información miscelánea |
Unidad 8 -- |
| Título |
El murciélago -- |
| Información miscelánea |
Unidad 9 -- |
| Título |
El flautista de Hameliín -- |
| 650 #4 - ENCABEZAMIENTO DE MATERIA--TEMÁTICO |
| Término temático o nombre geográfico como elemento de entrada |
ESPAÑOL |
| Subdivisión temática general |
ENSEÑANZA |
| 650 #4 - ENCABEZAMIENTO DE MATERIA--TEMÁTICO |
| Término temático o nombre geográfico como elemento de entrada |
ESPAÑOL |
| Subdivisión temática general |
EDUCACIÓN PRIMARIA |
| 650 #4 - ENCABEZAMIENTO DE MATERIA--TEMÁTICO |
| Término temático o nombre geográfico como elemento de entrada |
EDUCACIÓN PRIMARIA |
| Subdivisión geográfica |
REPÚBLICA DOMINICANA |
| 650 #4 - ENCABEZAMIENTO DE MATERIA--TEMÁTICO |
| Término temático o nombre geográfico como elemento de entrada |
ESPAÑOL |
| Subdivisión temática general |
LIBROS DE TEXTOS |
| 650 #4 - ENCABEZAMIENTO DE MATERIA--TEMÁTICO |
| Término temático o nombre geográfico como elemento de entrada |
ESPAÑOL |
| Subdivisión temática general |
ESTUDIOS Y EJERCICIOS |
| 700 1# - ASIENTO SECUNDARIO -- NOMBRE PERSONAL |
| Nombre personal |
Carrasco, Reyna Patricia |
| 700 1# - ASIENTO SECUNDARIO -- NOMBRE PERSONAL |
| Nombre personal |
Gómez, Fiume |
| Título de una obra |
Lengua española 3 |
| 700 1# - ASIENTO SECUNDARIO -- NOMBRE PERSONAL |
| Nombre personal |
Rosa, María del Jesús de la |
| Mención de responsabilidad |
ed. |
| 700 1# - ASIENTO SECUNDARIO -- NOMBRE PERSONAL |
| Nombre personal |
Espinal, Daniel, |
| Mención de responsabilidad |
il. |
| 700 1# - ASIENTO SECUNDARIO -- NOMBRE PERSONAL |
| Nombre personal |
Fung, Wi-Hen, |
| Mención de responsabilidad |
il. |
| 910 ## - VALIDACIÓN |
| Validación |
Validado. Control de calidad MFF |
| 942 ## - ADDED ENTRY ELEMENTS (KOHA) |
| Source of classification or shelving scheme |
Dewey Decimal Classification |
| Koha item type |
Libros |
| 945 ## - INFORMACIÓN DE PROCESAMIENTO LOCAL |
| Información de procesamiento local |
Remanejado para la BNPHU / 2018 VM |
| 956 ## - LOCAL ELECTRONIC LOCATION AND ACCESS (OCLC) |
| Nombre de host |
VMATEO |
| Número de acceso |
10 |
| Información de compresión |
20150810 |
| Inicio de sesión |
BPMSU |
| Procesador de solicitud |
00151 |
| 956 ## - LOCAL ELECTRONIC LOCATION AND ACCESS (OCLC) |
| Nombre de host |
LOPEREZ |
| Número de acceso |
10 |
| Información de compresión |
20160420 |
| Inicio de sesión |
BPMSU |
| Procesador de solicitud |
00041 |